000 00380nam a22001577a 4500
005 20200524102130.0
008 200524b xxu||||| |||| 00| 0 eng d
041 _aeng
082 _a340
100 _aBARE ACT
_95744
245 _aTHE MULTI-STATE CO-OPERATIVE SOCIETIES ACT, 2002
260 _aDELHI
_bPROFESSIONALS BOOK
300 _a102,p
650 _aLAW
_95701
942 _cBK
999 _c6483
_d6481